00501nam a22001697a 450000500170000001000140001702000370003103500130006803700090008108200100009024500730010026000400017327000680021330000300028149000060031170000140031720241209111732.0 a B-761427 a9788181534824 (Pt.3)c290.00  aB-761427 bGift a507.8 aRainbow 101 Science Projects -3/ cedited and compiled by Aakanksha aDelhi bRainbow Books c2019(repr.) aF-32, Street No.12, Parwana Road, Jagat Puri, b Delhi e110051 a112p.c25cm(Hb)bcol.ill. v2 aAakanksha